B2 first for schools 5 : (Registro nro. 22133)
[ vista simple ]
| 000 -Cabecera | |
|---|---|
| Campo de control interno | 01112nam a22002537a 4500 |
| 005 - Fecha y hora del registro | |
| control field | 20260331114224.0 |
| 008 - Elementos de Longitud Fija | |
| fixed length control field | 260325b |||||||| |||| 00| 0 spa d |
| 020 ## - ISBN | |
| ISBN | 9781009273015 |
| 082 ## - DEWEY y NOTACIÓN INTERNA | |
| Dewey | 421.071 |
| Notación Interna | C24F |
| 100 ## - AUTOR | |
| Autor denominación | , |
| 110 ## - AUTOR INSTTITUCIONAL | |
| Autor Institucional | Cambridge University Press & Assessment |
| 245 ## - TÍTULO DE MATERIAL BIBLIOGRÁFICO | |
| Título | B2 first for schools 5 : |
| Título paralelo | with answers: authentic practice tests |
| 250 ## - EDICIÓN | |
| Edición | Primera edición |
| 260 ## - CIUDAD, EDITORIAL, AÑO | |
| Ciudad | Cambridge : |
| Nombre de la Editorial | Cambridge University Press & Assessment, |
| Año | 2023 |
| 300 ## - DESCRIPCIÓN | |
| N° Páginas | 175 páginas : |
| Otros detalles | ilustraciones ; |
| Dimensiones | 25 cm. |
| 440 ## - MENCIÓN DE SERIE | |
| Título de la Serie | ; |
| 650 ## - TEMAS | |
| Temas | Lenguas |
| 653 ## - DESCRIPTORES | |
| Lenguajes no controlado | Sistema de escritura inglés y fonología |
| 654 ## - PROGRAMAS | |
| Programa | Todos los programas |
| 700 ## - OTROS AUTORES | |
| Otros autores | ; |
| 856 ## - URL - UBICACIÓN | |
| URI/URL: Enlace exacto del recurso | <a href="https://0u20fudzn-y-https-research-ebsco-com.itmsp.museknowledge.com/c/qxo6us/search/results?q=B2+first+for+schools+&autocorrect=y&db=nlebk%2Ce000sww%2Ce000xww%2Ce020mww%2Ce230xww%2Ce250xww%2Ce095mww&expanders=concept&limiters=None&searchMode=boolean&searchSegment=all-results&skipResultsFetch=true&sqId=sq%3A23ee2f3f-fd04-4237-8ded-b4a851ddc52f">https://0u20fudzn-y-https-research-ebsco-com.itmsp.museknowledge.com/c/qxo6us/search/results?q=B2+first+for+schools+&autocorrect=y&db=nlebk%2Ce000sww%2Ce000xww%2Ce020mww%2Ce230xww%2Ce250xww%2Ce095mww&expanders=concept&limiters=None&searchMode=boolean&searchSegment=all-results&skipResultsFetch=true&sqId=sq%3A23ee2f3f-fd04-4237-8ded-b4a851ddc52f</a> |
| Nota pública: Versión digital | <a href="Véase además: Base de datos EBSCOhost">Véase además: Base de datos EBSCOhost</a> |
| 942 ## - ELEMENTOS DE KOHA | |
| Tipo de documento | Libro |
| Nombre del creador | Justo Noguera |
| Código de catalogador | Mirtha Ponce |
| Suppress in OPAC | No |
| Esquema de clasificación | Dewey Decimal Classification |
| Codigo completo | Registro | Colección | Copia número | Disponibilidad | Tipo de préstamo | Biblioteca Actual | Procedencia (Biblioteca) | Ubicacón | Fecha Ingreso | Tipo de Adquisición | Observación | Date last seen | Total checkouts | Price effective from | Tipo de Item | Estado del Material | Fuente de Clasificación | Damaged status | Withdrawn status |
|---|---|---|---|---|---|---|---|---|---|---|---|---|---|---|---|---|---|---|---|
| 421.071 C24F | 1088223 | Universidad Católica San Pablo | 1 | No disponible | Restringido | Víctor Andrés Belaunde | Víctor Andrés Belaunde | Idiomas - Salaverry | 25/03/2026 | Compra | Idiomas UCSP | 25/03/2026 | 25/03/2026 | Libro | Bueno | Dewey Decimal Classification | Withdrawn |




